<?xml version="1.0" encoding="UTF-8"?><record xmlns="http://www.loc.gov/MARC21/slim" xmlns:zs="http://docs.oasis-open.org/ns/search-ws/sruResponse">
  <leader>02697cas a22005897a 4500</leader>
  <controlfield tag="001">23555866</controlfield>
  <controlfield tag="005">20250701134058.3</controlfield>
  <controlfield tag="008">850607d18921972njuwr ne      0   a0eng d</controlfield>
  <datafield ind1=" " ind2=" " tag="010">
    <subfield code="a">sn 85035776 </subfield>
  </datafield>
  <datafield ind1="0" ind2=" " tag="022">
    <subfield code="a">2996-4334</subfield>
    <subfield code="2">1</subfield>
  </datafield>
  <datafield ind1="1" ind2=" " tag="029">
    <subfield code="a">AU@</subfield>
    <subfield code="b">000050430156</subfield>
  </datafield>
  <datafield ind1=" " ind2=" " tag="035">
    <subfield code="a">(OCoLC)12127671</subfield>
  </datafield>
  <datafield ind1=" " ind2=" " tag="040">
    <subfield code="a">NPA</subfield>
    <subfield code="b">eng</subfield>
    <subfield code="c">NPA</subfield>
    <subfield code="d">NSD</subfield>
    <subfield code="d">NJW</subfield>
    <subfield code="d">OCL</subfield>
    <subfield code="d">OCLCQ</subfield>
    <subfield code="d">DLC</subfield>
    <subfield code="d">OCLCF</subfield>
    <subfield code="d">OCLCL</subfield>
  </datafield>
  <datafield ind1=" " ind2=" " tag="042">
    <subfield code="a">msc</subfield>
    <subfield code="a">nsdp</subfield>
  </datafield>
  <datafield ind1=" " ind2=" " tag="043">
    <subfield code="a">n-us-nj</subfield>
  </datafield>
  <datafield ind1="0" ind2="0" tag="050">
    <subfield code="a">Newspaper</subfield>
  </datafield>
  <datafield ind1="1" ind2="0" tag="082">
    <subfield code="a">071.3</subfield>
    <subfield code="2">23</subfield>
    <subfield code="1">https://id.oclc.org/worldcat/ddc/E3MJ87dMTw4ByGq4RJYrdRdTc3</subfield>
  </datafield>
  <datafield ind1=" " ind2="4" tag="222">
    <subfield code="a">The monitor-register</subfield>
    <subfield code="b">(Print)</subfield>
  </datafield>
  <datafield ind1="0" ind2="4" tag="245">
    <subfield code="a">The monitor-register.</subfield>
  </datafield>
  <datafield ind1="3" ind2="0" tag="246">
    <subfield code="a">Woodstown monitor-register</subfield>
  </datafield>
  <datafield ind1=" " ind2=" " tag="260">
    <subfield code="a">Woodstown, Salem Co., N.J. :</subfield>
    <subfield code="b">Monitor-Register Co.</subfield>
  </datafield>
  <datafield ind1=" " ind2=" " tag="300">
    <subfield code="a">volumes :</subfield>
    <subfield code="b">illustrations</subfield>
  </datafield>
  <datafield ind1=" " ind2=" " tag="310">
    <subfield code="a">Weekly</subfield>
  </datafield>
  <datafield ind1=" " ind2=" " tag="336">
    <subfield code="a">text</subfield>
    <subfield code="b">txt</subfield>
    <subfield code="2">rdacontent</subfield>
  </datafield>
  <datafield ind1=" " ind2=" " tag="337">
    <subfield code="a">unmediated</subfield>
    <subfield code="b">n</subfield>
    <subfield code="2">rdamedia</subfield>
  </datafield>
  <datafield ind1=" " ind2=" " tag="338">
    <subfield code="a">volume</subfield>
    <subfield code="b">nc</subfield>
    <subfield code="2">rdacarrier</subfield>
  </datafield>
  <datafield ind1="1" ind2=" " tag="362">
    <subfield code="a">Began in 1892?</subfield>
  </datafield>
  <datafield ind1="1" ind2=" " tag="362">
    <subfield code="a">Ceased in Sept. 1972.</subfield>
  </datafield>
  <datafield ind1=" " ind2=" " tag="500">
    <subfield code="a">Published as: Woodstown monitor-register, &lt;1900-1907&gt;.</subfield>
  </datafield>
  <datafield ind1=" " ind2=" " tag="500">
    <subfield code="a">Issue for July 1, 1926 is the "South Jersey Exposition Edition."</subfield>
  </datafield>
  <datafield ind1=" " ind2=" " tag="530">
    <subfield code="a">Also issued on microfilm by the Rutgers University Library Photoduplication Dept.</subfield>
  </datafield>
  <datafield ind1=" " ind2=" " tag="530">
    <subfield code="a">Archived issues are available in digital format from the Library of Congress Chronicling America online collection.</subfield>
  </datafield>
  <datafield ind1=" " ind2=" " tag="580">
    <subfield code="a">Merged with: Salem standard and Jerseyman; Salem sunbeam; Pennsville progress; and: Penns Grove sun, to form: Today's sunbeam.</subfield>
  </datafield>
  <datafield ind1=" " ind2=" " tag="588">
    <subfield code="a">Description based on: Vol. 24, no. 47 (Jan. 5, 1900).</subfield>
  </datafield>
  <datafield ind1=" " ind2="0" tag="651">
    <subfield code="a">Woodstown (N.J.)</subfield>
    <subfield code="v">Newspapers.</subfield>
  </datafield>
  <datafield ind1=" " ind2="7" tag="651">
    <subfield code="a">New Jersey</subfield>
    <subfield code="z">Woodstown.</subfield>
    <subfield code="2">fast</subfield>
    <subfield code="0">(OCoLC)fst01232810</subfield>
  </datafield>
  <datafield ind1=" " ind2="7" tag="655">
    <subfield code="a">Newspapers.</subfield>
    <subfield code="2">fast</subfield>
    <subfield code="0">(OCoLC)fst01423814</subfield>
  </datafield>
  <datafield ind1=" " ind2=" " tag="752">
    <subfield code="a">United States</subfield>
    <subfield code="b">New Jersey</subfield>
    <subfield code="c">Salem</subfield>
    <subfield code="d">Woodstown.</subfield>
  </datafield>
  <datafield ind1="0" ind2="8" tag="776">
    <subfield code="i">Online version:</subfield>
    <subfield code="t">Monitor-register</subfield>
    <subfield code="x">2996-4342</subfield>
    <subfield code="w">(DLC)  2024271052</subfield>
    <subfield code="w">(OCoLC)1420359843</subfield>
  </datafield>
  <datafield ind1="0" ind2="4" tag="780">
    <subfield code="t">Monitor</subfield>
    <subfield code="x">2996-4318</subfield>
    <subfield code="w">(DLC)sn 91064052</subfield>
    <subfield code="w">(OCoLC)24493882</subfield>
  </datafield>
  <datafield ind1="0" ind2="4" tag="780">
    <subfield code="t">Woodstown register</subfield>
    <subfield code="x">2996-5675</subfield>
    <subfield code="w">(DLC)sn 85025249</subfield>
    <subfield code="w">(OCoLC)11613236</subfield>
  </datafield>
  <datafield ind1="1" ind2="7" tag="785">
    <subfield code="t">Salem standard and Jerseyman</subfield>
    <subfield code="w">(DLC)sn 84020554</subfield>
    <subfield code="w">(OCoLC)11116399</subfield>
  </datafield>
  <datafield ind1="1" ind2="7" tag="785">
    <subfield code="t">Salem sunbeam</subfield>
    <subfield code="w">(DLC)sn 84026231</subfield>
    <subfield code="w">(OCoLC)10357083</subfield>
  </datafield>
  <datafield ind1="1" ind2="7" tag="785">
    <subfield code="t">Pennsville progress</subfield>
    <subfield code="w">(DLC)sn 87068145</subfield>
    <subfield code="w">(OCoLC)15735537</subfield>
  </datafield>
  <datafield ind1="1" ind2="7" tag="785">
    <subfield code="t">Penns Grove sun</subfield>
    <subfield code="w">(DLC)sn 87068144</subfield>
    <subfield code="w">(OCoLC)15794214</subfield>
  </datafield>
  <datafield ind1="1" ind2="7" tag="785">
    <subfield code="t">Today's sunbeam</subfield>
    <subfield code="x">0890-9830</subfield>
    <subfield code="w">(DLC)sn 86002851</subfield>
    <subfield code="w">(OCoLC)14513784</subfield>
  </datafield>
  <datafield ind1="4" ind2="1" tag="859">
    <subfield code="u">https://hdl.loc.gov/loc.sgp/chronam.sn85035776</subfield>
  </datafield>
  <datafield ind1=" " ind2=" " tag="906">
    <subfield code="a">7</subfield>
    <subfield code="b">cbc</subfield>
    <subfield code="c">sercoop</subfield>
    <subfield code="d">2</subfield>
    <subfield code="e">ncip</subfield>
    <subfield code="f">19</subfield>
    <subfield code="g">n-oclcserc</subfield>
  </datafield>
  <datafield ind1="0" ind2=" " tag="925">
    <subfield code="a">Acquire</subfield>
    <subfield code="b">1 shelf copy</subfield>
    <subfield code="x">policy default 2024-02-08</subfield>
  </datafield>
  <datafield ind1=" " ind2=" " tag="955">
    <subfield code="b">sr02 2024-02-08</subfield>
    <subfield code="k">sr02 2024-02-08</subfield>
  </datafield>
  <datafield ind1=" " ind2=" " tag="955">
    <subfield code="a">LCAP batch update 2025-06-02-04:00: LCAPM-893</subfield>
  </datafield>
  <datafield ind1=" " ind2=" " tag="985">
    <subfield code="a">serpull/chronam</subfield>
    <subfield code="e">ndnp</subfield>
  </datafield>
</record>
